000 00409nam a2200133Ia 4500
008 100328s9999 xx 000 0 und d
082 _b54196
100 _aकोप्पीकर गौ.रा.
245 _aशेतीतील काटकसर
260 _bउदयम
630 _aशेतीतील काटकसर
730 _aशेतीतील काटकसर
942 _cBOOK
999 _c540916
_d540913